| 000 | 00884nam a22002897a 4500 | ||
|---|---|---|---|
| 003 | CHAP | ||
| 005 | 20220329141530.0 | ||
| 008 | 971013s1990 r 00010 d | ||
| 010 | _a69713 | ||
| 011 | _a70685 | ||
| 035 | _a80227 | ||
| 040 | _cCHAP | ||
| 082 |
_a636.4089 _bC6 |
||
| 245 | _aColor Atlas of diseases and disorders of the pig | ||
| 260 |
_aAmes : _bIowa State University, _c1990 |
||
| 300 |
_a192 p. _b; ilus. |
||
| 590 |
_aBATCH-UPD _b10 _c20130110 _lUCH01 _h0533 |
||
| 590 |
_aBATCH-UPD _b10 _c20130110 _lUCH01 _h2209 |
||
| 590 |
_aCONVERSION _b10 _c20130109 _lUCH01 _h1338 |
||
| 650 | 1 | 4 |
_aGanado porcino _xEnfermedades. _945360 |
| 700 | 0 |
_aPenny, R. H. _986718 |
|
| 700 | 0 |
_aSmith, W. J. _9107148 |
|
| 700 | 0 |
_aTaylor, D. J. _9111789 |
|
| 901 | _aBK | ||
| 942 | _cLIBRO | ||
| 949 |
_a636.4089 C6 _bBC _cLIBRO _d-33129 _eLIBRO _fA. 1531 I. 163168 _gI.163168 _h1531 _i80227 _si |
||
| 999 |
_c69713 _d69713 |
||